| 000 | 01353nam a22004097a 4500 | ||
|---|---|---|---|
| 001 | BR7705151 | ||
| 003 | BR-BrBNA | ||
| 005 | 20230928085429.0 | ||
| 007 | ta | ||
| 008 | 230509b bl.||||| |||| 00| 0 por d | ||
| 040 |
_aBR-BrBNA _bpor _cBiblioteca Nacional de Agricultura |
||
| 041 | _a(Por) | ||
| 072 |
_aE10; P10; F23 _b/G514 |
||
| 090 | _ E10 BR7705151 | ||
| 110 | 1 |
_aCentro de Treinamento em Desenvolvimento Economico, Fortaleza, CE (Brasil) _91678 |
|
| 245 | 1 |
_aMicrorregiao Serra de Baturite, Potencialidades e geossistemas [fisiografia, economia agricola, geologia, solo, Ceara, Brasil] _b1. Curso de Planejamento e Administracao de Recursos Naturais |
|
| 260 | 3 |
_aFortaleza, CE (Brasil): _c1977. |
|
| 300 | _a235 p. | ||
| 500 | _a40 tables; 27 illus.; Bibliography p. 213-219 (75 ref.). (*) Documento disponível na(o) Centro de Treinamento em Desenvolvimento Economico, Fortaleza, CE (Brazil) | ||
| 650 | _aFISIOGRAFIA | ||
| 650 | _aECONOMIA AGRICOLA | ||
| 650 | _aCLIMATOLOGIA | ||
| 650 | _aHIDROLOGIA | ||
| 650 | _aGEOLOGIA | ||
| 650 | _aHIDROGEOLOGIA | ||
| 650 | _aPEDOLOGIA | ||
| 650 | _aFAUNA | ||
| 650 | _aTERRA | ||
| 650 | _aMAO-DE-OBRA | ||
| 650 | _aBANANA | ||
| 650 | _aABACAXI | ||
| 650 | _aFEIJAO | ||
| 650 | _aBATURITE | ||
| 650 | _aCEARA | ||
| 909 |
_a202309 _bLucia _c55 _dLucia Elande |
||
| 942 | _cBK | ||
| 999 |
_c24386 _d24386 |
||